[Event "POL-chT blind"]
[Site "Wagrowiec"]
[Date "2017.10.14"]
[Round "1.6"]
[White "Wojcieszyn, Zdzislaw"]
[Black "Mackowiak, Marek"]
[Result "0-1"]
[WhiteElo "1913"]
[BlackElo "2068"]
[PlyCount "124"]
[EventDate "2017.10.14"]
[EventType "team-tourn"]
[EventRounds "9"]
[EventCountry "POL"]
[SourceTitle "EXT 2019"]
[Source "ChessBase"]
[SourceDate "2018.10.10"]
[SourceVersion "1"]
[SourceVersionDate "2018.10.10"]
[SourceQuality "1"]

1. c4 c5 2. Nc3 Nf6 3. Nf3 d5 4. cxd5 Nxd5 5. e4 Nxc3 6. dxc3 Qxd1+ 7. Kxd1 Nc6 8. Be3 b6 9. Bc4 Bb7 10. Ke2 e6 11. Rhd1 Be7 12. Rd2 Rd8 13. Rad1 Rxd2+ 14. Rxd2 a6 15. Bb3 Na5 16. e5 Nxb3 17. axb3 a5 18. Kd1 Bc6 19. Ne1 0-0 20. f3 Ra8 21. Nc2 Kf8 22. Na3 b5 23. Nc2 Ke8 24. Ne1 Bd5 25. Kc2 Rc8 26. Nd3 c4 27. bxc4 Bxc4 28. Bb6 a4 29. Ba5 Bg5 30. Re2 Bb3+ 31. Kb1 Bc4 32. Kc2 Ra8 33. Bb6 a3 34. bxa3 Rxa3 35. Re1 Be7 36. Nb2 Bd5 37. Bd4 Kd7 38. Rb1 Bb3+ 39. Kd3 Ra2 40. f4 Bd5 41. g3 f5 42. exf6 gxf6 43. Nd1 Bc4+ 44. Ke4 Kd6 45. Rb2 Ra1 46. Ne3 f5+ 47. Kf3 Bd3 48. Kg2 Ra8 49. h3 h5 50. Nd1 Be4+ 51. Kh2 Kc6 52. Nf2 Bd5 53. Nd3 Ra1 54. Bg1 Ba3 55. Re2 Be4 56. Nf2 Bc5 57. g4 h4 58. g5 Bd5 59. g6 Bc4 60. Rd2 Be3 61. Rd1 Bd5 62. Rd4 Bxf2 0-1

[Event "POL-chT blind"]
[Site "Wagrowiec"]
[Date "2016.11.19"]
[Round "9.1"]
[White "Mackowiak, Marek"]
[Black "Walczak, Lucjan"]
[Result "1-0"]
[WhiteElo "2165"]
[BlackElo "1842"]
[PlyCount "45"]
[EventDate "2016.11.11"]
[EventType "team-tourn"]
[EventRounds "9"]
[EventCountry "POL"]
[SourceTitle "EXT 2019"]
[Source "ChessBase"]
[SourceDate "2018.10.10"]
[SourceVersion "1"]
[SourceVersionDate "2018.10.10"]
[SourceQuality "1"]

1. c4 e5 2. Nc3 Nc6 3. g3 g6 4. Bg2 Bg7 5. e3 Nge7 6. Nge2 d6 7. 0-0 0-0 8. h3 Rb8 9. b3 Be6 10. Bb2 Qd7 11. Kh2 f5 12. d4 d5 13. cxd5 Nxd5 14. Nxd5 Bxd5 15. dxe5 Rbd8 16. Nf4 Bxg2 17. Kxg2 Rfe8 18. Qxd7 Rxd7 19. e6 Rd2 20. Bxg7 Kxg7 21. Rfd1 Red8 22. e7 Rxd1 23. exd8Q 1-0

[Event "POL-chT blind"]
[Site "Wagrowiec"]
[Date "2016.11.11"]
[Round "1.16"]
[White "Mackowiak, Marek"]
[Black "Huzarski, Stanislaw"]
[Result "1/2-1/2"]
[WhiteElo "2165"]
[BlackElo "1806"]
[PlyCount "96"]
[EventDate "2016.11.11"]
[EventType "team-tourn"]
[EventRounds "9"]
[EventCountry "POL"]
[SourceTitle "EXT 2019"]
[Source "ChessBase"]
[SourceDate "2018.10.10"]
[SourceVersion "1"]
[SourceVersionDate "2018.10.10"]
[SourceQuality "1"]

1. c4 Nf6 2. Nc3 e6 3. Nf3 d5 4. e3 Bb4 5. Qa4+ Nc6 6. cxd5 exd5 7. Ne5 Bxc3 8. bxc3 Bd7 9. Nxd7 Qxd7 10. Ba3 Ne7 11. Qb4 c6 12. Rb1 b6 13. Qa4 0-0 14. Bxe7 Qxe7 15. Qxc6 Rac8 16. Qa4 Rc5 17. Bd3 Ra5 18. Qc2 Rc8 19. 0-0 g6 20. h3 Ne4 21. Bxe4 Qxe4 22. Qxe4 dxe4 23. Rb2 Rc4 24. Rc1 Ra3 25. Rcc2 f5 26. Kf1 Kf7 27. Rb4 Rc5 28. f3 Re5 29. Kf2 Kf6 30. h4 h5 31. Kg3 Rea5 32. fxe4 fxe4 33. Rxe4 Rxa2 34. Rxa2 Rxa2 35. Rd4 Ke5 36. Kf3 a5 37. Ke2 b5 38. g4 Rb2 39. gxh5 gxh5 40. Rd8 a4 41. Ra8 Kf5 42. c4 bxc4 43. Ra5+ Kg6 44. Rxa4 c3 45. Rd4 Kf5 46. Rf4+ Ke5 47. Kd3 cxd2 48. Ke2 Ra2 1/2-1/2

[Event "Berlin Lichtenrade op 12th"]
[Site "Berlin"]
[Date "2016.10.28"]
[Round "7"]
[White "Zschaebitz, Klaus"]
[Black "Mackowiak, Marek"]
[Result "1-0"]
[WhiteElo "2063"]
[BlackElo "2165"]
[PlyCount "189"]
[EventDate "2016.10.22"]
[EventType "swiss"]
[EventRounds "9"]
[EventCountry "GER"]
[SourceTitle "EXT 2018"]
[Source "ChessBase"]
[SourceDate "2017.10.13"]
[SourceVersion "1"]
[SourceVersionDate "2017.10.13"]
[SourceQuality "1"]

1. c4 e5 2. g3 Nc6 3. Nc3 g6 4. Bg2 Bg7 5. e4 d6 6. d3 Nge7 7. Nge2 0-0 8. 0-0 Bd7 9. Be3 Qc8 10. Nd5 Rb8 11. Nxe7+ Nxe7 12. Bxa7 Ra8 13. Be3 c5 14. Qd2 b5 15. cxb5 Bxb5 16. Nc3 Qa6 17. Rfd1 Rfb8 18. Bf1 Nc6 19. a4 Bxa4 20. Rxa4 Qb7 21. Rxa8 Rxa8 22. Nd5 Rb8 23. Ra1 h5 24. h4 Kh7 25. Kg2 f5 26. Bg5 Rf8 27. Be2 Rf7 28. Ra4 Qb5 29. Bd1 Nd4 30. Ra8 c4 31. Ba4 Qb7 32. Ra5 cxd3 33. Qxd3 Qxb2 34. Be3 fxe4 35. Qxe4 Nf3 36. Be8 Nd2 37. Qd3 Nf3 38. Qd1 Rf8 39. Ra7 e4 40. Re7 Ne5 41. Qd2 Qb1 42. Bh6 Nf3 43. Qc1 Ne1+ 44. Kh3 Qxc1 45. Bxc1 Rxf2 46. Be3 Rf1 47. Kh2 Rf5 48. Nf4 Rf6 49. Rxe4 Nf3+ 50. Kg2 Ne5 51. Nh3 Rf8 52. Ng5+ Kh8 53. Ba4 Rb8 54. Bd4 Rb7 55. Bc3 Rc7 56. Bd2 Ra7 57. Rb4 Bf6 58. Ne4 Be7 59. Bb3 Kh7 60. Be3 Rc7 61. Ng5+ Bxg5 62. Bxg5 Kg7 63. Rb8 Rd7 64. Bd5 Rc7 65. Rb7 Rxb7 66. Bxb7 Kf7 67. Bd5+ Ke8 68. Be6 Kf8 69. Kf2 Nd3+ 70. Ke3 Nc5 71. Bd5 Nd7 72. Kd4 Ne5 73. Bf4 Ng4 74. Bxd6+ Kg7 75. Bb3 Kf6 76. Bf4 Kg7 77. Bg5 Nf2 78. Ke3 Ng4+ 79. Kf4 Nf2 80. Bc4 Ng4 81. Be6 Nf2 82. Ke3 Nd1+ 83. Kf3 Nc3 84. Bd2 Nb5 85. Bc4 Nd6 86. Bc3+ Kh6 87. Be6 Nb5 88. Be5 Na3 89. Bb3 Nb1 90. Ke3 g5 91. Bb2 gxh4 92. gxh4 Kg6 93. Bc2+ Kh6 94. Kd3 Nd2 95. Bc1 1-0

[Event "Berlin Lichtenrade op 12th"]
[Site "Berlin"]
[Date "2016.10.24"]
[Round "3"]
[White "Gabuzyan, Hovhannes"]
[Black "Mackowiak, Marek"]
[Result "1-0"]
[WhiteElo "2592"]
[BlackElo "2165"]
[PlyCount "87"]
[EventDate "2016.10.22"]
[EventType "swiss"]
[EventRounds "9"]
[EventCountry "GER"]
[SourceTitle "EXT 2018"]
[Source "ChessBase"]
[SourceDate "2017.10.13"]
[SourceVersion "1"]
[SourceVersionDate "2017.10.13"]
[SourceQuality "1"]

1. Nf3 g6 2. e4 Bg7 3. d4 d6 4. Nc3 Nf6 5. h3 c6 6. Bd3 0-0 7. 0-0 b5 8. e5 dxe5 9. dxe5 Nd5 10. Nxd5 Qxd5 11. Qe2 Qd8 12. a4 b4 13. Bc4 a5 14. Bg5 Ba6 15. Rad1 Qc7 16. Bxa6 Nxa6 17. e6 Nc5 18. exf7+ Rxf7 19. b3 Bf6 20. Rfe1 Nd7 21. Nd4 Nf8 22. Bh6 Rd8 23. Qc4 c5 24. Nf3 Rc8 25. Ng5 Bxg5 26. Bxg5 e6 27. Bh6 Kh8 28. c3 Re8 29. cxb4 axb4 30. Ra1 e5 31. f4 Rfe7 32. Bg5 Re6 33. Rxe5 Qg7 34. Rae1 Rxe5 35. fxe5 Rxe5 36. Rxe5 Qxe5 37. Qf7 Nd7 38. Bh6 Qe1+ 39. Kh2 Qe5+ 40. Bf4 Qd4 41. Qe8+ Kg7 42. Qe7+ Kg8 43. Qe6+ Kg7 44. Bd6 1-0

[Event "W-ch Disabled"]
[Site "Dresden"]
[Date "2015.10.18"]
[Round "1"]
[White "Mackowiak, Marek"]
[Black "Krajinski, Lutz"]
[Result "1-0"]
[WhiteElo "2140"]
[BlackElo "1683"]
[PlyCount "89"]
[EventDate "2015.10.18"]
[EventType "swiss"]
[EventRounds "7"]
[EventCountry "GER"]
[SourceTitle "CBM 168 Extra"]
[Source "ChessBase"]
[SourceDate "2015.10.29"]
[SourceVersion "1"]
[SourceVersionDate "2015.10.29"]
[SourceQuality "1"]

1. c4 Nf6 2. Nc3 e6 3. d4 d5 4. Bg5 Be7 5. e3 c6 6. Nf3 Nbd7 7. Be2 0-0 8. h3 Re8 9. 0-0 dxc4 10. Bxc4 h6 11. Bh4 Nd5 12. Bg3 N7f6 13. Qc2 Bd7 14. a3 Rc8 15. e4 Nb6 16. Ba2 c5 17. d5 exd5 18. exd5 Nh5 19. Bh2 Bf6 20. Rad1 g6 21. d6 Bf5 22. Qd2 Be6 23. Bxe6 Rxe6 24. Qxh6 Nc4 25. Qc1 a6 26. g4 Ng7 27. d7 Rcc6 28. Nd5 b5 29. b3 Nd6 30. Nxf6+ Rxf6 31. Ne5 Rc7 32. Rd5 Nb7 33. Rfd1 Ne6 34. Bg3 Nd4 35. Qe3 Re6 36. Nxf7 Rxe3 37. Nxd8 Rxg3+ 38. fxg3 Nxd8 39. Kf2 Nxb3 40. Re1 Kf7 41. Re8 c4 42. Rxd8 Ke6 43. Re8+ Kxd5 44. d8Q+ Kc5 45. Qxc7+ 1-0

[Event "Bydgoszcz blind op 43rd"]
[Site "Bydgoszcz"]
[Date "2014.03.19"]
[Round "7.2"]
[White "Dukaczewski, Piotr"]
[Black "Mackowiak, Marek"]
[Result "1/2-1/2"]
[WhiteElo "2296"]
[BlackElo "2174"]
[PlyCount "121"]
[EventDate "2014.03.13"]
[EventType "swiss"]
[EventRounds "11"]
[EventCountry "POL"]
[SourceTitle "EXT 2023"]
[Source "ChessBase"]
[SourceDate "2022.10.05"]
[SourceVersion "1"]
[SourceVersionDate "2022.10.05"]
[SourceQuality "1"]

1. e4 e5 2. Nf3 Nc6 3. d4 exd4 4. Bc4 d6 5. Nxd4 Nf6 6. Bb5 Bd7 7. Bxc6 bxc6 8. 0-0 Be7 9. Qd3 0-0 10. Rd1 c5 11. Ne2 Ng4 12. Bf4 Bf6 13. Nbc3 Ne5 14. Bxe5 Bxe5 15. f4 Bxc3 16. Nxc3 Qb8 17. b3 Bc6 18. Nd5 Bxd5 19. Qxd5 Qb4 20. Rd3 Rae8 21. c4 Re6 22. Re3 Rfe8 23. Rae1 h6 24. h3 Qa3 25. Qd2 Qb4 26. Qd3 Qb7 27. Kh2 a5 28. Qe2 c6 29. f5 Re5 30. Qd2 Qc7 31. Rg3 Kh7 32. Rd1 d5 33. exd5 cxd5 34. cxd5 Qd6 35. Qf4 Qf6 36. d6 Rxf5 37. d7 Rd8 38. Qe4 g6 39. Re3 Kg7 40. Kg1 Rf4 41. Qe8 Rd4 42. Rf1 Rf4 43. Rxf4 Qxf4 44. Re4 Qf6 45. h4 Qa1+ 46. Kh2 Qf6 47. Kg1 Qa1+ 48. Kf2 Qb2+ 49. Kf3 Qf6+ 50. Ke3 Qc3+ 51. Ke2 Qc2+ 52. Kf3 Qd3+ 53. Re3 Qf5+ 54. Ke2 Rxd7 55. Qe5+ Qf6 56. h5 g5 57. Qxc5 Qb2+ 58. Kf3 Qf6+ 59. Ke2 Qb2+ 60. Kf3 Qf6+ 61. Ke2 1/2-1/2

[Event "W-ch Disabled"]
[Site "Dresden"]
[Date "2013.10.25"]
[Round "4"]
[White "Anfinogenov, Artem"]
[Black "Mackowiak, Marek"]
[Result "1/2-1/2"]
[WhiteElo "2051"]
[BlackElo "2174"]
[PlyCount "103"]
[EventDate "2013.10.22"]
[EventType "swiss"]
[EventRounds "7"]
[EventCountry "GER"]
[SourceTitle "CBM 157 Extra"]
[Source "ChessBase"]
[SourceDate "2013.12.19"]
[SourceVersion "1"]
[SourceVersionDate "2013.12.19"]
[SourceQuality "1"]

1. d4 g6 2. c4 Bg7 3. Nc3 d6 4. e4 Nd7 5. Nf3 Ngf6 6. Be2 0-0 7. h3 e5 8. d5 Nc5 9. Qc2 a5 10. Bg5 h6 11. Be3 a4 12. Nd2 Bd7 13. a3 c6 14. g4 cxd5 15. cxd5 Ne8 16. h4 Qb8 17. g5 h5 18. Rg1 b5 19. Na2 Na6 20. Rc1 b4 21. Nxb4 Nxb4 22. axb4 Qxb4 23. Qc3 Qb7 24. Qa3 Rb8 25. Nc4 Bb5 26. Na5 Qa6 27. Nc6 Rb7 28. Bxb5 Qxb5 29. Rc2 Rd7 30. Kd2 Kh7 31. Qd3 Qb7 32. Ra1 f5 33. Rxa4 fxe4 34. Qxe4 Nc7 35. Ra7 Qb5 36. Qd3 Rff7 37. Qxb5 Nxb5 38. Rxd7 Rxd7 39. Kd3 Kg8 40. Ke4 Kf8 41. b4 Ke8 42. f3 Rb7 43. Bd2 Kd7 44. Ra2 Nc7 45. Na7 Bf8 46. Bc3 Be7 47. Ra5 Bd8 48. Ra1 Ne8 49. Nc6 Nc7 50. Na7 Ne8 51. Nc6 Nc7 52. Na7 1/2-1/2

[Event "W-ch Disabled"]
[Site "Dresden"]
[Date "2013.10.23"]
[Round "2"]
[White "Michalowski, Richard"]
[Black "Mackowiak, Marek"]
[Result "0-1"]
[WhiteElo "1795"]
[BlackElo "2174"]
[PlyCount "42"]
[EventDate "2013.10.22"]
[EventType "swiss"]
[EventRounds "7"]
[EventCountry "GER"]
[SourceTitle "CBM 157 Extra"]
[Source "ChessBase"]
[SourceDate "2013.12.19"]
[SourceVersion "1"]
[SourceVersionDate "2013.12.19"]
[SourceQuality "1"]

1. c4 e5 2. Nc3 Nc6 3. g3 g6 4. Bg2 Bg7 5. e3 Nge7 6. Nge2 d6 7. 0-0 Be6 8. b3 Qd7 9. Re1 Bh3 10. Bh1 h5 11. d4 h4 12. d5 Nd8 13. Bb2 f5 14. Qd2 g5 15. f4 Nf7 16. Kf2 0-0-0 17. Ng1 hxg3+ 18. Kxg3 exf4+ 19. exf4 gxf4+ 20. Kf2 Ne5 21. Bf3 Bg4 0-1

[Event "Olomouc op 16th"]
[Site "Olomouc"]
[Date "2013.08.06"]
[Round "7"]
[White "Mackowiak, Marek"]
[Black "Jasny, Stanislav"]
[Result "0-1"]
[WhiteElo "2174"]
[BlackElo "2311"]
[PlyCount "60"]
[EventDate "2013.08.01"]
[EventType "swiss"]
[EventRounds "9"]
[EventCountry "CZE"]
[SourceTitle "CBM 155 Extra"]
[Source "ChessBase"]
[SourceDate "2013.08.26"]
[SourceVersion "1"]
[SourceVersionDate "2013.08.26"]
[SourceQuality "1"]

1. c4 Nf6 2. Nc3 g6 3. g3 Bg7 4. Bg2 d6 5. d4 0-0 6. Nf3 Nc6 7. 0-0 Bf5 8. b3 e5 9. dxe5 dxe5 10. Ba3 Re8 11. e3 Bd3 12. Re1 e4 13. Nd2 Qd7 14. f3 exf3 15. Nxf3 Rad8 16. Qd2 Qf5 17. Nh4 Qa5 18. Bb2 Bxc4 19. Qf2 Ng4 20. Qf4 Be6 21. Rac1 Bh6 22. Qf3 Nce5 23. Qxb7 Nd3 24. b4 Qb6 25. Qxb6 cxb6 26. h3 Nxb2 27. hxg4 Nd3 28. g5 Bxg5 29. Bc6 Nxe1 30. Rxe1 Bd7 0-1

[Event "POL-ch blind"]
[Site "Warsaw"]
[Date "2013.05.01"]
[Round "10"]
[White "Migala, Andrzej"]
[Black "Mackowiak, Marek"]
[Result "1/2-1/2"]
[WhiteElo "2063"]
[BlackElo "2176"]
[PlyCount "61"]
[EventDate "2013.04.22"]
[EventType "tourn"]
[EventRounds "11"]
[EventCountry "POL"]
[SourceTitle "EXT 2014"]
[Source "ChessBase"]
[SourceDate "2013.11.20"]
[SourceVersion "1"]
[SourceVersionDate "2013.11.20"]
[SourceQuality "1"]

1. e4 d6 2. d4 g6 3. Nc3 Bg7 4. Be3 Nf6 5. h3 c6 6. Nf3 Qa5 7. Bd3 Nbd7 8. 0-0 0-0 9. Nd2 b5 10. a3 e5 11. Nb3 Qc7 12. dxe5 dxe5 13. Qe2 a6 14. Nc5 Re8 15. f3 Nxc5 16. Bxc5 Nd7 17. Be3 c5 18. Nd5 Qc6 19. c4 Rb8 20. Rfc1 Bf8 21. Qf2 Qd6 22. b3 Bb7 23. Ra2 Bxd5 24. cxd5 Rec8 25. Qd2 Nb6 26. Qe2 Rc7 27. Rac2 c4 28. bxc4 Nxc4 29. Bxc4 bxc4 30. Rxc4 Rxc4 31. Qxc4 1/2-1/2

[Event "POL-ch blind"]
[Site "Warsaw"]
[Date "2013.04.29"]
[Round "8"]
[White "Mackowiak, Marek"]
[Black "Dukaczewski, Piotr"]
[Result "0-1"]
[WhiteElo "2176"]
[BlackElo "2251"]
[PlyCount "23"]
[EventDate "2013.04.22"]
[EventType "tourn"]
[EventRounds "11"]
[EventCountry "POL"]
[SourceTitle "EXT 2014"]
[Source "ChessBase"]
[SourceDate "2013.11.20"]
[SourceVersion "1"]
[SourceVersionDate "2013.11.20"]
[SourceQuality "1"]

1. c4 e5 2. Nc3 Nc6 3. g3 g6 4. Bg2 Bg7 5. e3 d6 6. Nge2 Be6 7. b3 Qd7 8. h4 Nge7 9. Bb2 0-0-0 10. d4 exd4 11. Nxd4 Nxd4 12. Qxd4 0-1

[Event "POL-ch blind"]
[Site "Warsaw"]
[Date "2013.04.24"]
[Round "3"]
[White "Wojcieszyn, Zdzislaw"]
[Black "Mackowiak, Marek"]
[Result "0-1"]
[WhiteElo "1995"]
[BlackElo "2176"]
[PlyCount "76"]
[EventDate "2013.04.22"]
[EventType "tourn"]
[EventRounds "11"]
[EventCountry "POL"]
[SourceTitle "EXT 2014"]
[Source "ChessBase"]
[SourceDate "2013.11.20"]
[SourceVersion "1"]
[SourceVersionDate "2013.11.20"]
[SourceQuality "1"]

1. c4 e5 2. Nc3 Nc6 3. g3 g6 4. Bg2 Bg7 5. e3 Nge7 6. Nge2 0-0 7. 0-0 d6 8. d3 Be6 9. Nd5 Rb8 10. Nec3 a6 11. Bd2 Na7 12. Nxe7+ Qxe7 13. Nd5 Qd7 14. Qc2 Nc8 15. a4 c6 16. Nc3 Ne7 17. Ne4 h6 18. c5 d5 19. Nc3 Bh3 20. Ne2 Bxg2 21. Kxg2 Kh7 22. f4 Qg4 23. Rf2 exf4 24. exf4 d4 25. h3 Qd7 26. Qc4 Rbe8 27. Ng1 Nf5 28. Re2 Rxe2+ 29. Nxe2 Re8 30. Ng1 Re7 31. Rf1 Qe8 32. Rf2 Re1 33. Kh2 Ne3 34. Qb4 Rd1 35. Nf3 Qe6 36. Ne1 Nf1+ 37. Rxf1 Qe2+ 38. Kg1 Rxd2 0-1

[Event "POL-ch blind"]
[Site "Warsaw"]
[Date "2013.04.23"]
[Round "2"]
[White "Mackowiak, Marek"]
[Black "Stachanczyk, Jacek"]
[Result "0-1"]
[WhiteElo "2176"]
[BlackElo "2241"]
[PlyCount "102"]
[EventDate "2013.04.22"]
[EventType "tourn"]
[EventRounds "11"]
[EventCountry "POL"]
[SourceTitle "EXT 2014"]
[Source "ChessBase"]
[SourceDate "2013.11.20"]
[SourceVersion "1"]
[SourceVersionDate "2013.11.20"]
[SourceQuality "1"]

1. d4 Nf6 2. Nf3 d5 3. Bf4 c5 4. dxc5 Qa5+ 5. c3 Qxc5 6. Nbd2 Nc6 7. Nb3 Qb6 8. h3 Bf5 9. Nbd4 Nxd4 10. Nxd4 Bg6 11. Qb3 Nd7 12. Qxb6 Nxb6 13. Nb5 Kd7 14. Rd1 e6 15. e3 a6 16. Nd4 f6 17. Nb3 e5 18. Bh2 Ke6 19. Be2 a5 20. Nc1 Na4 21. Rd2 Be7 22. 0-0 Rhd8 23. Rfd1 Rac8 24. Bg4+ f5 25. Bf3 Nb6 26. Be2 Nc4 27. Bxc4 Rxc4 28. Nd3 Bf6 29. b4 b6 30. bxa5 bxa5 31. Rb2 Rxc3 32. Rb6+ Rd6 33. Rb5 Rdc6 34. Kf1 f4 35. Ne1 fxe3 36. Rbxd5 Bc2 37. Nxc2 Rxc2 38. fxe3 Rxa2 39. R5d2 Rxd2 40. Rxd2 a4 41. e4 Rc4 42. Rd5 Rxe4 43. Ra5 Be7 44. Kf2 Bd6 45. Kf3 Rc4 46. Bg1 a3 47. Be3 Rc2 48. h4 h5 49. Ra6 a2 50. Ke4 Rxg2 51. Bc5 a1Q 0-1